000
00291 a2200145 4500
001
71005
020
_a
9788599884164
040
_c
Anchieta - Itaigara
240
1
0
_a
Cinderela
_l
por
245
1
0
_a
Cinderela
300
_a
25
362
0
_a
2010
650
4
_a
Literatura infantil
942
_c
BK
999
_c
71005
_d
71005